000 00600 a2200217 4500
005 20260217111125.0
008 260217b |||||||| |||| 00| 0 eng d
020 _a9788119925759
_cRs. 1895.00
040 _aMAIN
082 _a330.0151
_bG442C
100 _aGirdhar Singh
245 _aComputational methods in economics
260 _bWisdom Press
_c2026
_aNew Delhi
300 _ax, 287
650 _aEconomics Analysis
650 _aEconometrics
650 _aEconomics- Data Processing
650 _aEconomics - Mathematical Models
700 _aBhinchar, Randheer Singh
942 _cBK
999 _c395929
_d395929